000 00451cam a2200181 4500
008 090401t1971 xxu||||| |||| 00| 0 eng d
020 _a0105478717
035 _a(Sirsi) u20528
041 _aeng
110 _aUnited Kingdom
_kLaws, etc
_95044
245 _aTown and Country Planning Act 1971.
260 _aLondon
_bHMSO
_c1971
300 _axiv,382p. ; 25cm.
350 _a13
520 _aReprinted 1984.
942 _n0
948 _c04/03/1997
999 _c87835
_d87835